Aeropuertos más importantes de Argentina - Estadísticas

Estadísticas generales
  • Esta prueba ha sido intentada 130 veces
  • La puntuación promedio es 7 de 10
Estadísticas de respuestas
Pasajeros Ciudad % Correcto
10,3 M Ezeiza (Buenos Aires)
100%
15,6 M Aeroparque (Buenos Aires)
96%
2,9 M Córdoba
93%
2,4 M Mendoza
86%
1,5 M Salta
82%
1,2 M Ushuaia
82%
2,5 M Bariloche
68%
1,5 M Iguazú
57%
1, 1 M Neuquén
43%
0,9 M El Calafate
39%
No se encontraron pruebas coincidentes
Distribución de puntuación
Porcentaje de gente con cada puntuación
Porcentaje por número respondido
Historial de tus puntuaciones
No has intentado esta prueba.